000 00626nam a22001937a 4500
005 20131009164126.0
010 _aENG-108101
020 _c200.00
_a9789380695280
035 _aEN-91634
037 _bDBAD/PUB
082 _a230.31
100 _aTirtha, Swami Bhoomananda
245 _aKrishna as 24 teachers /
_cby Swami Bhoomananda Tirtha; translated by Prabhakaran M. Nair
260 _aKerala
_bNarayanashrama Tapovanam
_c2012
270 _aVenginissery, P.O. Ammandam Thrissur
_bKerala
_e680563
300 _axiii,221p.
_c22cm(pbk)
700 _aNair, Prabhakaran M.
942 _2ddc
_cEN
_mTIR
_h230.31
999 _c77805
_d77805